RB Leipzig Squad 2025-2026 - Statistics

General Stats
  • This quiz has been taken 154 times
    38 since last reset
  • The average score is 18 of 31
Answer Stats
# Position Nation Player % Correct
1 GK Hungary Péter Gulácsi
100%
4 DF Hungary Willi Orbán
100%
23 DF France Castello Lukeba
96%
14 MF Austria Christoph Baumgartner
92%
49 FW Ivory Coast Yan Diomande
92%
7 FW Norway Antonio Nusa
80%
22 DF Germany David Raum
80%
24 MF Austria Xaver Schlager
80%
8 MF Mali Amadou Haidara
76%
5 DF France El Chadaille Bitshiabu
72%
44 MF Slovenia Kevin Kampl
72%
13 MF Austria Nicolas Seiwald
72%
9 FW Belgium Johan Bakayoko
68%
40 FW Brazil Rômulo
68%
26 GK Belgium Maarten Vandevoordt
64%
17 DF Germany Ridle Baku
64%
16 DF Germany Lukas Klostermann
60%
39 DF Germany Benjamin Henrichs
56%
- Coach Germany Ole Werner
56%
10 FW Germany Brajan Gruda
52%
11 FW Denmark Conrad Harder
52%
20 MF Germany Assan Ouédraogo
48%
6 MF Netherlands Ezechiel Banzuzi
48%
19 DF Serbia Kosta Nedeljković
48%
36 FW Germany Timo Werner
36%
33 MF Serbia Andrija Maksimović
32%
25 GK Germany Leopold Zingerle
28%
27 FW France Tidiam Gomis
20%
18 FW Nigeria Suleman Sani
12%
21 FW Netherlands Ayodele Thomas
4%
35 DF Germany Max Finkgräfe
4%
No matching quizzes found
Score Distribution
Percent of People with Each Score
Percentile by Number Answered
Your Score History
You have not taken this quiz since the last reset